[Event "Muret Seniors op"]
[Site "Muret"]
[Date "2003.06.20"]
[Round "5"]
[White "Delhom, Raoul"]
[Black "Artis, Paul"]
[Result "0-1"]
[WhiteElo "1820"]
[BlackElo "1440"]
[PlyCount "84"]
[EventDate "2003.06.16"]
[EventType "swiss"]
[EventRounds "7"]
[EventCountry "FRA"]
[SourceTitle "EXT 2004"]
[Source "ChessBase"]
[SourceDate "2003.11.25"]
[SourceVersion "1"]
[SourceVersionDate "2003.11.25"]
[SourceQuality "1"]

1. Nf3 d5 2. g3 Nf6 3. Bg2 Bg4 4. 0-0 e6 5. d3 Nbd7 6. Nbd2 c6 7. c3 Be7 8. Qc2 0-0 9. e4 dxe4 10. dxe4 Bxf3 11. Nxf3 e5 12. Rd1 Qc7 13. Nh4 g6 14. Kh1 Rfe8 15. f4 Bc5 16. f5 Ng4 17. Rf1 Qb6 18. Qe2 Nf2+ 19. Rxf2 Bxf2 20. Bh6 Nf6 21. Rf1 Bc5 22. fxg6 Re6 23. Bg5 Be7 24. Bh3 Rd6 25. gxh7+ Kxh7 26. Nf5 Qd8 27. Bxf6 Rxf6 28. Qh5+ Kg8 29. Nh6+ Kg7 30. Rxf6 Bxf6 31. Bf5 Qe8 32. Bh3 Kf8 33. Nf5 Qd8 34. Bf1 b5 35. Kg2 Qd2+ 36. Kh3 Qg5 37. Qf3 Rd8 38. c4 a6 39. Qa3+ Kg8 40. Nd6 Qh6+ 41. Kg2 Qd2+ 42. Kh3 Rxd6 0-1

[Event "Muret Seniors op"]
[Site "Muret"]
[Date "2003.06.19"]
[Round "4"]
[White "Artis, Paul"]
[Black "Ryckaert, Alain"]
[Result "1/2-1/2"]
[WhiteElo "1440"]
[BlackElo "1690"]
[PlyCount "99"]
[EventDate "2003.06.16"]
[EventType "swiss"]
[EventRounds "7"]
[EventCountry "FRA"]
[SourceTitle "EXT 2004"]
[Source "ChessBase"]
[SourceDate "2003.11.25"]
[SourceVersion "1"]
[SourceVersionDate "2003.11.25"]
[SourceQuality "1"]

1. e4 c5 2. Nf3 d6 3. d4 cxd4 4. Nxd4 Nf6 5. Nc3 g6 6. Bc4 Bg7 7. Be3 0-0 8. Qd2 Ng4 9. Bg5 h6 10. Bh4 g5 11. Bg3 Ne5 12. Be2 Nbc6 13. Nxc6 Nxc6 14. e5 dxe5 15. Ne4 Qxd2+ 16. Nxd2 Be6 17. c3 Rad8 18. 0-0-0 a6 19. Ne4 Bxa2 20. Nc5 Na5 21. Nd7 Rfe8 22. Bxe5 Bxe5 23. Nxe5 Bb3 24. Rxd8 Rxd8 25. Re1 f6 26. Ng4 Kg7 27. Ne3 Be6 28. Bh5 Nb3+ 29. Kb1 Kf8 30. g3 Rd2 31. Nf1 Rxf2 32. Rxe6 Rxf1+ 33. Ka2 Nc5 34. Re2 e5 35. Bg4 b6 36. Rd2 f5 37. Bh3 Rf3 38. Rd6 Rf2 39. Rf6+ Kg7 40. Rxf5 Rxf5 41. Bxf5 Kf6 42. g4 Ke7 43. b4 Nd7 44. Ka3 Nb8 45. Ka4 Kd6 46. Be4 b5+ 47. Kb3 Nc6 48. Bf5 a5 49. bxa5 Nxa5+ 50. Kb4 1/2-1/2

[Event "Muret Seniors op"]
[Site "Muret"]
[Date "2003.06.16"]
[Round "1"]
[White "Rouede, Gilbert"]
[Black "Artis, Paul"]
[Result "1/2-1/2"]
[WhiteElo "1890"]
[BlackElo "1440"]
[PlyCount "116"]
[EventDate "2003.06.16"]
[EventType "swiss"]
[EventRounds "7"]
[EventCountry "FRA"]
[SourceTitle "EXT 2004"]
[Source "ChessBase"]
[SourceDate "2003.11.25"]
[SourceVersion "1"]
[SourceVersionDate "2003.11.25"]
[SourceQuality "1"]

1. e4 c6 2. d4 d5 3. e5 Bf5 4. Nf3 e6 5. Be2 Ne7 6. 0-0 h6 7. Re1 Nd7 8. Nbd2 Ng6 9. Nf1 Be7 10. Ng3 Bg4 11. h3 Bxf3 12. Bxf3 Qc7 13. c3 0-0-0 14. a4 c5 15. Bd2 Nb6 16. dxc5 Bxc5 17. b4 Be7 18. Be3 Nxe5 19. Bd4 Nxf3+ 20. Qxf3 Bd6 21. Bxg7 Rhg8 22. Nh5 Nc4 23. a5 Be5 24. Bxe5 Nxe5 25. Qf6 Ng6 26. b5 Kb8 27. b6 axb6 28. axb6 Qxb6 29. Reb1 Qc7 30. Rb3 Ne5 31. Rba3 Kc8 32. Ra8+ Kd7 33. Rxd8+ Rxd8 34. Re1 Qxc3 35. Rxe5 Kc8 36. Re2 Qxf6 37. Nxf6 d4 38. Rd2 e5 39. Kf1 Rd6 40. Ne4 Rc6 41. g4 Kc7 42. Ke2 Kd7 43. Rb2 b6 44. Kd3 Ke6 45. Rb5 f5 46. gxf5+ Kxf5 47. Rd5 Kf4 48. Rd8 Kf5 49. Rf8+ Ke6 50. Rh8 Kd5 51. Rf8 b5 52. Nf6+ Ke6 53. Ng4 Rc3+ 54. Kd2 Rxh3 55. Re8+ Kd6 56. Nxe5 Kc5 57. Nd3+ Kc4 58. Kc2 b4 1/2-1/2